000 00985nam a2200301 i 4500
003 EG-GICUC
005 20260121101730.0
008 260115s1922 fr ||||fr|||| 000 0 fre d
040 _aEG-GiCUC
_bfre
_cEG-GiCUC
_dEG-GiCUC
_erda
041 _afre
082 0 4 _221
_a341.3
_bLA . É
092 0 4 _221
099 _aLaw1 11 341.3 LA . É 1922
100 1 _a Lazzarides, C. A.
_eAuteur
245 1 2 _aDe L'evolution Des Relations Internationales De L'égypte Pharaonique /
_cC. A. Lazzarides.
264 1 _aParis :
_bLes Presses Universitaires De France,
_c1922.
300 _a279 pages,
_c24 cm
_billustration ;
336 _2rda content
_atext
337 _2rda media
_aComputer
338 _2rda carrier
_aOnline Resource
504 _aBibliography: pages 273-275.
546 _aTexte en français
650 1 4 _2qrmak
_aRelations internationales
651 1 _2qrmak
856 4 0 _uhttps://fll.law.cu.edu.eg/fulltext/bks/B11-07004.pdf
905 _a79
942 _2ddc
_cBK
_e21
_n0
999 _c57236
_d57236